| 000 | 00436nam a2200121Ia 4500 | ||
|---|---|---|---|
| 008 | 220615s9999||||xx |||||||||||||| ||und|| | ||
| 100 | _aScott, Katharine||Buckingham, Christine | ||
| 245 | 0 | _aMammoths and Neanderthals in the Thames Valley | |
| 546 | _aEnglish[eng] | ||
| 650 | _aSocial Science||Archaeology||Science||Paleontology | ||
| 856 | _uhttps://library.oapen.org/bitstream/20.500.12657/50615/1/external_content.pdf | ||
| 942 | _cEB | ||
| 999 |
_c14959 _d14959 |
||